El tratado de libre comercio, la integración comercial y el derecho de los mercados / (Registro nro. 11509)
[ vista simple ]
| 000 -LEADER | |
|---|---|
| fixed length control field | 01722nam a2200337Ia 4500 |
| 003 - CONTROL NUMBER IDENTIFIER | |
| control field | OSt |
| 005 - DATE AND TIME OF LATEST TRANSACTION | |
| control field | 20210416115150.0 |
| 008 - FIXED-LENGTH DATA ELEMENTS--GENERAL INFORMATION | |
| fixed length control field | 210310s2007 CK ad gr 000 0 SPA d |
| 020 ## - INTERNATIONAL STANDARD BOOK NUMBER | |
| International Standard Book Number | 9789588298382 |
| 040 ## - CATALOGING SOURCE | |
| Original cataloging agency | CO-JMCR |
| Transcribing agency | CO-JMCR |
| 041 ## - LANGUAGE CODE | |
| Language code of text/sound track or separate title | spa |
| 082 04 - DEWEY DECIMAL CLASSIFICATION NUMBER | |
| Classification number | 341.754 / |
| Item number | V252t |
| Edition number | 23 |
| 100 1# - MAIN ENTRY--PERSONAL NAME | |
| Personal name | Venegas Franco, Alejandro, |
| Relator term | autor |
| 9 (RLIN) | 10577 |
| 245 13 - TITLE STATEMENT | |
| Title | El tratado de libre comercio, la integración comercial y el derecho de los mercados / |
| Statement of responsibility, etc. | Alejandro Vanegas Franco, Alina Ramos Sánchez, Andrea Camargo García, [y otros 21]. ; editores, Erick Rincón Cárdenas, Erwin Santamaría Ariza, Juan Jacobo Calderón Villegas |
| 250 ## - EDITION STATEMENT | |
| Edition statement | Primera edición |
| 260 ## - PUBLICATION, DISTRIBUTION, ETC. | |
| Place of publication, distribution, etc. | Bogotá : |
| Name of publisher, distributor, etc. | Universidad del Rosario ; |
| Date of publication, distribution, etc. | 2007. |
| 300 ## - PHYSICAL DESCRIPTION | |
| Extent | 544 páginas ; |
| Dimensions | 24 cm. |
| 490 1# - SERIES STATEMENT | |
| Series statement | Colección Textos de Jurisprudencia |
| 504 ## - BIBLIOGRAPHY, ETC. NOTE | |
| Bibliography, etc. note | Bibliografía: páginas 543-544. |
| 505 0# - FORMATTED CONTENTS NOTE | |
| Formatted contents note | Aproximación a los alcances y efectos de los procesos de integración comercial. -- El tratado de libre comercio con EEUU y su su incidencia en el derecho de los mercados. |
| 520 0# - SUMMARY, ETC. | |
| Summary, etc. | Esta publicación, que se articula directamente con la agenda de la línea de investigación n derecho comercial de la facultad de jurisprudencia de la Universidad del Rosario. |
| 650 14 - SUBJECT ADDED ENTRY--TOPICAL TERM | |
| Topical term or geographic name entry element | Convenios comerciales. |
| 9 (RLIN) | 25715 |
| 650 24 - SUBJECT ADDED ENTRY--TOPICAL TERM | |
| Topical term or geographic name entry element | Tratados de libre comercio. |
| General subdivision | TLC. |
| 9 (RLIN) | 36917 |
| 650 24 - SUBJECT ADDED ENTRY--TOPICAL TERM | |
| Topical term or geographic name entry element | Integración comercial. |
| Form subdivision | Mercados. |
| General subdivision | Globalización |
| 9 (RLIN) | 36918 |
| 700 1# - ADDED ENTRY--PERSONAL NAME | |
| Personal name | Ramos Sánchez, Alina, |
| Relator term | autora |
| 9 (RLIN) | 36919 |
| 700 1# - ADDED ENTRY--PERSONAL NAME | |
| Personal name | Camargo García, Andrea, |
| Relator term | autora |
| 9 (RLIN) | 36920 |
| 700 1# - ADDED ENTRY--PERSONAL NAME | |
| Personal name | Erick Rincón Cárdenas, |
| 9 (RLIN) | 36921 |
| 700 1# - ADDED ENTRY--PERSONAL NAME | |
| Personal name | Santamaría Ariza, Erwin, |
| Relator term | editor |
| 9 (RLIN) | 36922 |
| 700 1# - ADDED ENTRY--PERSONAL NAME | |
| Personal name | Calderón Villegas, Juan Jacobo, |
| Relator term | editor |
| 9 (RLIN) | 36923 |
| 942 ## - ADDED ENTRY ELEMENTS (KOHA) | |
| Source of classification or shelving scheme | Dewey Decimal Classification |
| Koha item type | Books |
| Withdrawn status | Lost status | Source of classification or shelving scheme | Damaged status | Not for loan | Home library | Current library | Shelving location | Date acquired | Source of acquisition | Full call number | Barcode | Date last seen | Copy number | Price effective from | Koha item type |
|---|---|---|---|---|---|---|---|---|---|---|---|---|---|---|---|
| Dewey Decimal Classification | Biblioteca Pública José María del Castillo y Rada | Biblioteca Pública José María del Castillo y Rada | General Stacks | 04/15/2018 | Donación | 341.754 / V252t | 430010915 | 05/16/2024 | Ej.1 | 03/10/2021 | Books |